Library Catalog

A Christmas wish at woolworths / (Record no. 492712)

MARC details
000 -LEADER
fixed length control field 01340nam a22002177a 4500
003 - CONTROL NUMBER IDENTIFIER
control field OSt
005 - DATE AND TIME OF LATEST TRANSACTION
control field 20260512121736.0
008 - FIXED-LENGTH DATA ELEMENTS--GENERAL INFORMATION
fixed length control field 260512b |||||||| |||| 00| 0 eng d
020 ## - INTERNATIONAL STANDARD BOOK NUMBER
International Standard Book Number 9781035020683
040 ## - CATALOGING SOURCE
Original cataloging agency Kenya National Library Service
082 ## - DEWEY DECIMAL CLASSIFICATION NUMBER
Classification number 813.6 EVE
100 ## - MAIN ENTRY--PERSONAL NAME
Personal name Everest, Elaine
Relator term Author
245 ## - TITLE STATEMENT
Title A Christmas wish at woolworths /
Statement of responsibility, etc. Elaine Everest.
300 ## - PHYSICAL DESCRIPTION
Extent 355 pages ;
Dimensions 20 cm
520 ## - SUMMARY, ETC.
Summary, etc. Kent, 1953. The Woolworths Erith store, a beloved cornerstone of the community, faces closure if the December turnover fails to increase. And, as if store manager Betty Billington doesn't have enough on her plate, personnel shortages and a troublesome new employee add to the strife. With Christmas on the horizon, Betty and her staff must strive to find solutions to improve business and keep the store running - from special events for late-night customers to a festive group trip into central London. The Erith Players pantomime also promises to draw a crowd, injecting excitement into the local community. With the shop festooned with decorations, lifting the spirits of both customers and Betty, can a Christmas miracle save the beloved store?.
650 ## - SUBJECT ADDED ENTRY--TOPICAL TERM
Topical term or geographic name entry element Christmas
Form subdivision Fiction.
650 ## - SUBJECT ADDED ENTRY--TOPICAL TERM
Topical term or geographic name entry element Romance 
Form subdivision Fiction
942 ## - ADDED ENTRY ELEMENTS (KOHA)
Source of classification or shelving scheme Dewey Decimal Classification
Koha item type Books
Suppress in OPAC No
Holdings
Withdrawn status Source of classification or shelving scheme Damaged status Not for loan Home library Current library Date acquired Source of acquisition Cost, normal purchase price Total checkouts Full call number Barcode Date last seen Price effective from Koha item type
  Dewey Decimal Classification     Nakuru Library Acquisition, Cataloguing, Classification and Distribution Development 05/12/2026 BAI 1124.00   813.6 EVE B232225 05/12/2026 05/12/2026 Books

© 2025, Kenya National Library Service | Designed & Maintained by Uvumbuzi Center